Jayson Tatum Quiz - Statistics

General Stats
  • This quiz has been taken 616 times
  • The average score is 6 of 8
Answer Stats
Hint Answer % Correct
What is his jersey number? 0
95%
What college did he go to? Duke
90%
What year was he born? 1998
88%
What team did he get drafted to? Boston Celtics
82%
What month was he born? March
81%
When pick was he drafted? 3rd
75%
What is his middle name? Christopher
61%
What state was he born in? Missouri
54%
No matching quizzes found
Score Distribution
Percent of People with Each Score
Percentile by Number Answered
Your Score History
You have not taken this quiz